[Event "Benidorm - Aficionados sub-2000 2014"]
[Site "Benidorm ESP"]
[Date "2014.12.01"]
[Round "4.2"]
[White "Buiza Prieto, Eihartze"]
[Black "Alfven, Jorgen"]
[Result "1-0"]
[WhiteElo "1887"]
[BlackElo "1972"]
[PlyCount "169"]
[EventDate "2014.11.28"]
[EventType "swiss"]
[EventRounds "10"]
[EventCountry "ESP"]
[SourceTitle "Ajedrez en Madrid"]
[Source "lmi"]
[SourceDate "2014.11.28"]

1. e4 c5 2. Nf3 Nc6 3. d4 cxd4 4. Nxd4 Nf6 5. Nc3 e5 6. Ndb5 d6 7. Bg5 a6 8.
Na3 b5 9. Nd5 Be7 10. Bxf6 Bxf6 11. c3 O-O 12. Nc2 Bg5 13. a4 bxa4 14. Rxa4 a5
15. Bb5 Na7 16. Bc4 Bd7 17. Ra2 Kh8 18. O-O f5 19. exf5 Bxf5 20. Nce3 Bd7 21.
Be2 Bc6 22. Nc4 Nc8 23. Bg4 Bb5 24. Be2 Ne7 25. Ncb6 Nxd5 26. Nxd5 Bc6 27. Qd3
Qb8 28. c4 Qb7 29. Bf3 a4 30. Be4 g6 31. Nc3 Bxe4 32. Nxe4 Be7 33. Nxd6 Qb6 34.
Nb5 Bc5 35. Qg3 Rae8 36. Rxa4 Qd8 37. Raa1 Qd2 38. b3 e4 39. Qc3+ Qxc3 40. Nxc3
Bd4 41. Rac1 e3 42. Nb5 e2 43. Nxd4 exf1=Q+ 44. Kxf1 Re4 45. Nb5 Rd8 46. Nc3
Red4 47. Nd5 Ra8 48. Rc2 Re8 49. f3 Rc8 50. Nb6 Rc6 51. Na4 Kg7 52. Nc3 Rd3 53.
Ke2 Rd8 54. Rd2 Re6+ 55. Kd1 Rb8 56. Rd7+ Kg8 57. Kc2 Reb6 58. Nb5 Re8 59. Kc3
Re2 60. Rd2 Re3+ 61. Kb4 Rb8 62. c5 Kf8 63. Kc4 Re1 64. b4 Rc1+ 65. Nc3 Ke7 66.
b5 Rf8 67. c6 Rf4+ 68. Kb3 Rf5 69. Nd5+ Ke6 70. Nc7+ Ke7 71. Kb4 Rf4+ 72. Ka5
Ra1+ 73. Kb6 Rc4 74. Rd7+ Kf6 75. Na6 h5 76. c7 Ke6 77. Rd8 Rac1 78. Kb7 R1c2
79. c8=Q+ Rxc8 80. Rxc8 Rxg2 81. b6 Rxh2 82. Ka7 Rb2 83. b7 Kf5 84. Rc4 Rb5 85.
Rc5+ 1-0

[Event "Benidorm - Aficionados sub-2000 2014"]
[Site "Benidorm ESP"]
[Date "2014.12.01"]
[Round "4.3"]
[White "Marti Blanes, Jose Manuel"]
[Black "Perez Garcia, Jose Miguel"]
[Result "1-0"]
[WhiteElo "1960"]
[BlackElo "1919"]
[PlyCount "99"]
[EventDate "2014.11.28"]
[EventType "swiss"]
[EventRounds "10"]
[EventCountry "ESP"]
[SourceTitle "Ajedrez en Madrid"]
[Source "lmi"]
[SourceDate "2014.11.28"]

1. d4 Nf6 2. Bg5 d5 3. Bxf6 exf6 4. e3 Bd6 5. c4 dxc4 6. Bxc4 O-O 7. Nf3 Bg4 8.
h3 Bxf3 9. Qxf3 Nd7 10. O-O c6 11. Nc3 Qe7 12. Rac1 Rfe8 13. Bd3 Rad8 14. a3 g6
15. b4 a6 16. Ne4 f5 17. Nc5 Bxc5 18. bxc5 Ne5 19. Qe2 Nxd3 20. Qxd3 Rd7 21.
Rc3 Qe4 22. Qxe4 Rxe4 23. g3 g5 24. Kg2 h5 25. Kf3 Kg7 26. Rb3 Kg6 27. Rfb1
Ree7 28. Rb4 Kf6 29. R1b2 Ke6 30. h4 f6 31. Ke2 Kd5 32. Kd3 g4 33. Rb6 Rc7 34.
Kc3 Ke4 35. Kb4 Rcd7 36. Ka5 Kf3 37. R6b4 Kg2 38. Kb6 Kf3 39. a4 Kg2 40. Ka7
Kf3 41. Rxb7 Rxb7+ 42. Rxb7 Rxb7+ 43. Kxb7 Kxf2 44. d5 Kxg3 45. d6 Kh2 46. d7
g3 47. d8=Q g2 48. Qd6+ Kh3 49. Qd1 Kh2 50. Kxc6 1-0

[Event "Benidorm - Aficionados sub-2000 2014"]
[Site "Benidorm ESP"]
[Date "2014.12.01"]
[Round "4.4"]
[White "Penarrubia Blasco, Jose Alfred"]
[Black "Blesa Fernandez, Francisco"]
[Result "1/2-1/2"]
[WhiteElo "1956"]
[BlackElo "1881"]
[PlyCount "62"]
[EventDate "2014.11.28"]
[EventType "swiss"]
[EventRounds "10"]
[EventCountry "ESP"]
[SourceTitle "Ajedrez en Madrid"]
[Source "lmi"]
[SourceDate "2014.11.28"]

1. e4 e6 2. d4 d5 3. exd5 exd5 4. Bd3 Nc6 5. c3 Bd6 6. Qf3 Be6 7. Ne2 Qf6 8.
Nf4 Nge7 9. Nxe6 fxe6 10. Qxf6 gxf6 11. Bh6 Rg8 12. g3 Nf5 13. Bxf5 exf5 14.
Nd2 f4 15. O-O-O Rg6 16. Bxf4 Bxf4 17. gxf4 Kf7 18. Rhg1 Rag8 19. Rg3 Ne7 20.
Rdg1 Nf5 21. Rxg6 Rxg6 22. Rxg6 Kxg6 23. Nf3 Kh5 24. h3 Nh4 25. Ne1 Ng6 26. Ng2
c6 27. a4 Nh4 28. Ne1 Nf5 29. Ng2 Nh4 30. Ne1 Ng6 31. Ng2 Nh4 1/2-1/2

[Event "Benidorm - Aficionados sub-2000 2014"]
[Site "Benidorm ESP"]
[Date "2014.12.01"]
[Round "4.5"]
[White "Cardenas, Fernando Adrian"]
[Black "Tirado Parra, Alberto"]
[Result "0-1"]
[WhiteElo "1947"]
[BlackElo "1873"]
[PlyCount "67"]
[EventDate "2014.11.28"]
[EventType "swiss"]
[EventRounds "10"]
[EventCountry "ESP"]
[SourceTitle "Ajedrez en Madrid"]
[Source "lmi"]
[SourceDate "2014.11.28"]

1. Nf3 d5 2. d4 Nf6 3. c4 e6 4. g3 dxc4 5. Qa4+ c6 6. Qxc4 b5 7. Qc2 Bb7 8. Bg2
Be7 9. O-O O-O 10. Rd1 Qb6 11. a4 a5 12. Na3 Na6 13. e4 Nb4 14. Qe2 Ba6 15.
axb5 cxb5 16. Ne5 Rac8 17. Be3 Rfe8 18. g4 h6 19. h4 Rc7 20. g5 hxg5 21. hxg5
Nd7 22. g6 Nxe5 23. dxe5 Bc5 24. Rd6 Nc6 25. Rc1 Bxe3 26. gxf7+ Rxf7 27. fxe3
b4 28. Nc4 Qc5 29. Qc2 Bxc4 30. Qxc4 Qxe3+ 31. Kh1 Nxe5 32. Qc5 Qh6+ 33. Kg1
Ng4 34. Qc2 0-1

[Event "Benidorm - Aficionados sub-2000 2014"]
[Site "Benidorm ESP"]
[Date "2014.12.01"]
[Round "4.6"]
[White "Karpach, Shaban"]
[Black "Blasco Marques, Salvador"]
[Result "1-0"]
[WhiteElo "1748"]
[BlackElo "1942"]
[PlyCount "91"]
[EventDate "2014.11.28"]
[EventType "swiss"]
[EventRounds "10"]
[EventCountry "ESP"]
[SourceTitle "Ajedrez en Madrid"]
[Source "lmi"]
[SourceDate "2014.11.28"]

1. e4 e6 2. Nf3 d5 3. Nc3 d4 4. Ne2 c5 5. c3 Nc6 6. cxd4 cxd4 7. Qa4 Bc5 8. Ng3
Bd7 9. Bb5 Nf6 10. O-O O-O 11. d3 h6 12. Bf4 Qe7 13. h3 a6 14. Bxc6 Bxc6 15.
Qc2 Rac8 16. Qd2 Nh7 17. Rac1 Rfd8 18. Qe2 Be8 19. Rc2 a5 20. Rfc1 b6 21. Nf1
f6 22. e5 f5 23. N3d2 g5 24. Bh2 g4 25. hxg4 fxg4 26. Qxg4+ Kh8 27. Ne4 Ba4 28.
b3 Rg8 29. Qh3 Bc6 30. Nfg3 Ba3 31. Re1 Qg7 32. Ree2 Bb5 33. Qxe6 Rce8 34. Qxb6
Bxd3 35. Rc7 Qxe5 36. Rxh7+ Kxh7 37. Nf6+ Qxf6 38. Qxf6 Bxe2 39. Qf7+ Kh8 40.
Nxe2 Rxe2 41. Be5+ Rxe5 42. Qf6+ Kh7 43. Qxe5 Bb2 44. Qxa5 Rg5 45. Qc7+ Rg7 46.
Qc2+ 1-0

[Event "Benidorm - Aficionados sub-2000 2014"]
[Site "Benidorm ESP"]
[Date "2014.12.01"]
[Round "4.7"]
[White "Carmona Huertas, Juan Antonio"]
[Black "Muñiz Giron, Carlos"]
[Result "1/2-1/2"]
[WhiteElo "1668"]
[BlackElo "1938"]
[PlyCount "32"]
[EventDate "2014.11.28"]
[EventType "swiss"]
[EventRounds "10"]
[EventCountry "ESP"]
[SourceTitle "Ajedrez en Madrid"]
[Source "lmi"]
[SourceDate "2014.11.28"]

1. d4 Nf6 2. Bg5 d5 3. Nf3 e6 4. e3 c5 5. Bxf6 gxf6 6. c4 cxd4 7. Nxd4 Qa5+ 8.
Nc3 dxc4 9. Bxc4 Be7 10. Rc1 O-O 11. Bd3 Nd7 12. Qc2 Qh5 13. Be2 Qg6 14. Bd3
Qh5 15. Be2 Qg6 16. Bd3 Qh5 1/2-1/2

[Event "Benidorm - Aficionados sub-2000 2014"]
[Site "Benidorm ESP"]
[Date "2014.12.01"]
[Round "4.8"]
[White "Enzi, Gerald"]
[Black "Esquerdo Nogueroles, Jaime"]
[Result "0-1"]
[WhiteElo "1924"]
[BlackElo "1768"]
[PlyCount "110"]
[EventDate "2014.11.28"]
[EventType "swiss"]
[EventRounds "10"]
[EventCountry "ESP"]
[SourceTitle "Ajedrez en Madrid"]
[Source "lmi"]
[SourceDate "2014.11.28"]

1. c4 e5 2. Nc3 Bb4 3. e4 Nf6 4. d3 Bxc3+ 5. bxc3 d6 6. Bg5 Nbd7 7. Nf3 O-O 8.
Be2 Re8 9. Qc2 Nc5 10. h3 Bd7 11. O-O h6 12. Be3 b6 13. Nh2 g5 14. h4 Ne6 15.
hxg5 hxg5 16. d4 Nf4 17. f3 N6h5 18. Bf2 Kg7 19. g3 Nh3+ 20. Kg2 Rh8 21. Be3
Rh7 22. Qd2 f6 23. dxe5 dxe5 24. Rad1 Kg6 25. Ng4 c5 26. Rh1 Qh8 27. Qd6 Bxg4
28. fxg4 Ng7 29. Qd7 Rf8 30. a4 Rf7 31. Qd8 Nf4+ 32. gxf4 Rxh1 33. f5+ Nxf5 34.
exf5+ Kg7 35. Qxh8+ Rxh8 36. Bf3 Rc7 37. Rd6 Re8 38. Bd5 Ree7 39. a5 Rcd7 40.
Re6 Rxe6 41. fxe6 Rc7 42. axb6 axb6 43. Kf3 Kf8 44. Ke4 Ke7 45. Kf5 Ra7 46.
Bxg5 fxg5 47. Kxe5 Ra3 48. Kf5 Rxc3 49. Kxg5 Rd3 50. Kf5 b5 51. Ke4 Rd4+ 52.
Kf3 bxc4 53. Be4 Kxe6 54. Ke3 c3 55. g5 Rxe4+ 0-1

[Event "Benidorm - Aficionados sub-2000 2014"]
[Site "Benidorm ESP"]
[Date "2014.12.01"]
[Round "4.10"]
[White "Esquerdo Nogueroles, Gaspar"]
[Black "Voet, Dirk"]
[Result "1/2-1/2"]
[WhiteElo "1959"]
[BlackElo "1870"]
[PlyCount "146"]
[EventDate "2014.11.28"]
[EventType "swiss"]
[EventRounds "10"]
[EventCountry "ESP"]
[SourceTitle "Ajedrez en Madrid"]
[Source "lmi"]
[SourceDate "2014.11.28"]

1. e4 g6 2. Bc4 Bg7 3. f4 e6 4. Nc3 c6 5. Qe2 Ne7 6. e5 d5 7. exd6 Qxd6 8. d3
O-O 9. Ne4 Qc7 10. Nf3 Nd5 11. g3 b5 12. Bb3 a5 13. c4 a4 14. Bd1 Ne7 15. O-O
b4 16. Rb1 Nd7 17. Be3 Nf5 18. Bf2 c5 19. g4 Nh6 20. h3 Bb7 21. Bg3 f6 22. Kh2
Qc6 23. g5 Nf5 24. Bf2 fxg5 25. Nexg5 e5 26. Qe4 Qb6 27. Qe1 h6 28. Ne4 exf4
29. Rg1 a3 30. bxa3 Rxa3 31. Bb3 Kh7 32. Rd1 Raa8 33. Qd2 Ne3 34. Bxe3 fxe3 35.
Qxe3 Rae8 36. Rdf1 Qc7+ 37. Kh1 Ne5 38. Nxe5 Bxe5 39. Rxf8 Rxf8 40. Qe2 Qd7 41.
Qg2 Qf7 42. Bd1 Bd4 43. Re1 Kg7 44. Bg4 Qf4 45. Bh5 Rf6 46. Qg4 Qxg4 47. Bxg4
Rf2 48. Be6 Rxa2 49. Rf1 Rf2 50. Rb1 Rd2 51. Rf1 Rf2 52. Rb1 g5 53. h4 Kg6 54.
h5+ Kxh5 55. Bd5 Bxd5 56. cxd5 Rf8 57. d6 Rd8 58. Kg2 Kg4 59. Rf1 b3 60. Nd2
Rxd6 61. Nxb3 h5 62. Nd2 Be3 63. Ne4 Re6 64. Nf6+ Rxf6 65. Rxf6 h4 66. Rf3 Bd4
67. Rf8 h3+ 68. Kh2 Be5+ 69. Kh1 Kg3 70. Rf5 Bd4 71. Rxg5+ Kf3 72. Rh5 Ke2 73.
Rxh3 Be3 1/2-1/2

[Event "Benidorm - Aficionados sub-2000 2014"]
[Site "Benidorm ESP"]
[Date "2014.12.01"]
[Round "4.20"]
[White "Selva Salvador, Antonio"]
[Black "Alonso Igual, Ignacio"]
[Result "1/2-1/2"]
[WhiteElo "1896"]
[BlackElo "1851"]
[PlyCount "22"]
[EventDate "2014.11.28"]
[EventType "swiss"]
[EventRounds "10"]
[EventCountry "ESP"]
[SourceTitle "Ajedrez en Madrid"]
[Source "lmi"]
[SourceDate "2014.11.28"]

1. d4 d5 2. Nf3 Nf6 3. e3 Bf5 4. c4 e6 5. Nc3 c6 6. Be2 h6 7. O-O Nbd7 8. a4
Bd6 9. cxd5 exd5 10. Bd3 Bxd3 11. Qxd3 O-O 1/2-1/2

[Event "Benidorm - Aficionados sub-2000 2014"]
[Site "Benidorm ESP"]
[Date "2014.12.01"]
[Round "4.23"]
[White "Vila Cairo, Gerard"]
[Black "Romagosa Cerda, Ismael"]
[Result "1-0"]
[WhiteElo "1995"]
[BlackElo "1757"]
[PlyCount "39"]
[EventDate "2014.11.28"]
[EventType "swiss"]
[EventRounds "10"]
[EventCountry "ESP"]
[SourceTitle "Ajedrez en Madrid"]
[Source "lmi"]
[SourceDate "2014.11.28"]

1. d4 Nf6 2. Nf3 g6 3. Nc3 d5 4. Bf4 a6 5. Qd2 e6 6. a3 Nbd7 7. h3 Bg7 8. Bh6
O-O 9. h4 Bxh6 10. Qxh6 Ng4 11. Qf4 h5 12. e4 Ndf6 13. e5 Nd7 14. Ng5 Kg7 15.
f3 Nh6 16. g4 hxg4 17. h5 gxf3 18. hxg6 f2+ 19. Ke2 Kxg6 20. Nh7 1-0

[Event "Benidorm - Aficionados sub-2000 2014"]
[Site "Benidorm ESP"]
[Date "2014.12.01"]
[Round "4.26"]
[White "Kopischke, Maik"]
[Black "Cluyts, Marc"]
[Result "1/2-1/2"]
[WhiteElo "1835"]
[BlackElo "1996"]
[PlyCount "23"]
[EventDate "2014.11.28"]
[EventType "swiss"]
[EventRounds "10"]
[EventCountry "ESP"]
[SourceTitle "Ajedrez en Madrid"]
[Source "lmi"]
[SourceDate "2014.11.28"]

1. Nf3 Nf6 2. c4 e6 3. g3 b6 4. Bg2 Bb7 5. O-O c5 6. Nc3 Be7 7. b3 O-O 8. d4
cxd4 9. Qxd4 Nc6 10. Qf4 Qb8 11. Qxb8 Raxb8 12. Bf4 1/2-1/2

[Event "Benidorm - Aficionados sub-2000 2014"]
[Site "Benidorm ESP"]
[Date "2014.12.01"]
[Round "4.27"]
[White "Fernandez Garcia, Ignacio"]
[Black "Cebrian Flores, Juan Antonio"]
[Result "0-1"]
[WhiteElo "1834"]
[BlackElo "1995"]
[PlyCount "66"]
[EventDate "2014.11.28"]
[EventType "swiss"]
[EventRounds "10"]
[EventCountry "ESP"]
[SourceTitle "Ajedrez en Madrid"]
[Source "lmi"]
[SourceDate "2014.11.28"]

1. e4 c5 2. Nf3 d6 3. Nc3 Nf6 4. e5 dxe5 5. Nxe5 e6 6. Bb5+ Nbd7 7. d4 a6 8.
Be2 cxd4 9. Qxd4 Bc5 10. Qf4 Bd6 11. Nxf7 Bxf4 12. Nxd8 Bxc1 13. Rxc1 Kxd8 14.
Bf3 Ne5 15. Be2 Bd7 16. O-O Kc7 17. h3 Nc6 18. Rcd1 Rad8 19. Rfe1 Bc8 20. Rc1
b5 21. Bd3 Nb4 22. Re3 Nxd3 23. cxd3 Kb6 24. Ne2 Rhe8 25. a3 e5 26. Re1 e4 27.
dxe4 Rxe4 28. Nc3 Rxe3 29. fxe3 Bb7 30. Re2 a5 31. Kh2 b4 32. axb4 axb4 33.
Na4+ Kb5 0-1

[Event "Benidorm - Aficionados sub-2000 2014"]
[Site "Benidorm ESP"]
[Date "2014.12.01"]
[Round "4.32"]
[White "Boj Marques, Javier"]
[Black "Martinez Hernandez, Paula"]
[Result "1-0"]
[WhiteElo "1978"]
[BlackElo "1800"]
[PlyCount "41"]
[EventDate "2014.11.28"]
[EventType "swiss"]
[EventRounds "10"]
[EventCountry "ESP"]
[SourceTitle "Ajedrez en Madrid"]
[Source "lmi"]
[SourceDate "2014.11.28"]

1. e4 c5 2. Nf3 d6 3. d4 cxd4 4. Nxd4 Nf6 5. Nc3 g6 6. Be3 Bg7 7. Bc4 O-O 8.
Bb3 Nc6 9. f3 Bd7 10. Qd2 Rc8 11. h4 Nxd4 12. Bxd4 a5 13. O-O-O b5 14. a3 b4
15. axb4 axb4 16. Na2 Rb8 17. h5 Qa5 18. hxg6 hxg6 19. Kb1 Ba4 20. Bxf6 Bxf6
21. Qh6 1-0

[Event "Benidorm - Aficionados sub-2000 2014"]
[Site "Benidorm ESP"]
[Date "2014.12.01"]
[Round "4.41"]
[White "De La Fuente Ortega, Alberto"]
[Black "Oliva Llorens, Antoni"]
[Result "0-1"]
[WhiteElo "1784"]
[BlackElo "1924"]
[PlyCount "80"]
[EventDate "2014.11.28"]
[EventType "swiss"]
[EventRounds "10"]
[EventCountry "ESP"]
[SourceTitle "Ajedrez en Madrid"]
[Source "lmi"]
[SourceDate "2014.11.28"]

1. d4 Nf6 2. Bg5 e6 3. e4 Be7 4. e5 Nd5 5. Bxe7 Qxe7 6. c4 Nb6 7. Qd2 d6 8. Nf3
Nc6 9. Nc3 dxe5 10. d5 exd5 11. cxd5 Nd8 12. O-O-O O-O 13. Bd3 f6 14. h3 Nf7
15. Qc2 h6 16. Nh4 f5 17. Ng6 Qg5+ 18. f4 Qxg6 19. g4 e4 20. Be2 Nd6 21. Rhg1
fxg4 22. Bxg4 Bxg4 23. Rxg4 Qf6 24. Rdg1 Rf7 25. Ne2 Kh7 26. Ng3 Rg8 27. Nxe4
Qf5 28. Ng5+ hxg5 29. Rxg5 Qxc2+ 30. Kxc2 Rf5 31. R5g4 Rh5 32. h4 Nxd5 33. Kd3
Nf6 34. R4g3 Rd5+ 35. Kc2 Nf5 36. Rh3 Rgd8 37. h5 Rd2+ 38. Kc3 Ne4+ 39. Kb4
Rxb2+ 40. Ka3 Rb6 0-1

[Event "Benidorm - Aficionados sub-2000 2014"]
[Site "Benidorm ESP"]
[Date "2014.12.01"]
[Round "4.45"]
[White "Flamee, Dirk"]
[Black "Larrañaga Aldalur, Jose Joaqui"]
[Result "1/2-1/2"]
[WhiteElo "1773"]
[BlackElo "1914"]
[PlyCount "28"]
[EventDate "2014.11.28"]
[EventType "swiss"]
[EventRounds "10"]
[EventCountry "ESP"]
[SourceTitle "Ajedrez en Madrid"]
[Source "lmi"]
[SourceDate "2014.11.28"]

1. e4 c5 2. Nf3 e6 3. g3 Nc6 4. d3 g6 5. Bg2 Bg7 6. c3 Nge7 7. Nbd2 O-O 8. O-O
d5 9. Re1 Re8 10. Kh1 b6 11. Nf1 Bb7 12. Qc2 Rc8 13. Bd2 d4 14. c4 e5 1/2-1/2

[Event "Benidorm - Aficionados sub-2000 2014"]
[Site "Benidorm ESP"]
[Date "2014.12.01"]
[Round "4.49"]
[White "Galvan Cipriani, Viviana"]
[Black "Naranjo Moreno, Jose Javier"]
[Result "0-1"]
[WhiteElo "1768"]
[BlackElo "1900"]
[PlyCount "62"]
[EventDate "2014.11.28"]
[EventType "swiss"]
[EventRounds "10"]
[EventCountry "ESP"]
[SourceTitle "Ajedrez en Madrid"]
[Source "lmi"]
[SourceDate "2014.11.28"]

1. c4 e5 2. Nc3 Nc6 3. g3 f5 4. d3 Nf6 5. Bg2 Bb4 6. e3 O-O 7. Nge2 d6 8. O-O
a5 9. a3 Bc5 10. b3 Qe8 11. Nb5 Bb6 12. Bb2 Na7 13. Nbc3 Nc6 14. Qd2 Bd7 15.
Rfe1 Rb8 16. Rab1 Ne7 17. d4 e4 18. Qc2 c6 19. f3 d5 20. fxe4 fxe4 21. Qd2 g5
22. Na4 Bc7 23. Nc5 Bc8 24. cxd5 cxd5 25. Rbc1 Bd6 26. Na4 b6 27. Nac3 Bd7 28.
Na2 Qh5 29. Nec3 Ng4 30. Bh1 Rf2 31. Re2 Qxh2# 0-1

[Event "Benidorm - Aficionados sub-2000 2014"]
[Site "Benidorm ESP"]
[Date "2014.12.01"]
[Round "4.56"]
[White "Roksvold, Jan"]
[Black "Zandi, Sigve Saman"]
[Result "1-0"]
[WhiteElo "1876"]
[BlackElo "1645"]
[PlyCount "29"]
[EventDate "2014.11.28"]
[EventType "swiss"]
[EventRounds "10"]
[EventCountry "ESP"]
[SourceTitle "Ajedrez en Madrid"]
[Source "lmi"]
[SourceDate "2014.11.28"]

1. Nf3 d5 2. g3 Nf6 3. Bg2 e6 4. c4 c6 5. O-O Bd6 6. d3 O-O 7. Nbd2 Nbd7 8. a3
Re8 9. b4 c5 10. Qb3 Nb6 11. e4 Bd7 12. e5 cxb4 13. exd6 bxa3 14. c5 Nc8 15.
Qxb7 1-0

[Event "Benidorm - Aficionados sub-2000 2014"]
[Site "Benidorm ESP"]
[Date "2014.12.01"]
[Round "4.59"]
[White "Valarezzo Ricard, Pedro"]
[Black "Erades Berenguer, Ana"]
[Result "1-0"]
[WhiteElo "1860"]
[BlackElo "1621"]
[PlyCount "41"]
[EventDate "2014.11.28"]
[EventType "swiss"]
[EventRounds "10"]
[EventCountry "ESP"]
[SourceTitle "Ajedrez en Madrid"]
[Source "lmi"]
[SourceDate "2014.11.28"]

1. d4 d5 2. Nf3 Nf6 3. c3 e6 4. Bf4 b6 5. e3 Bd6 6. Ne5 O-O 7. Bd3 Nfd7 8. Qh5
g6 9. Qg4 Nxe5 10. dxe5 Be7 11. Bh6 Re8 12. h4 Nd7 13. f4 Nc5 14. Bc2 Ba6 15.
h5 Bd3 16. hxg6 fxg6 17. Bxd3 Nxd3+ 18. Ke2 Nxb2 19. Qxe6+ Kh8 20. Qf7 Rg8 21.
Bf8 1-0

[Event "Benidorm - Aficionados sub-2000 2014"]
[Site "Benidorm ESP"]
[Date "2014.12.01"]
[Round "4.60"]
[White "Kuenitz, Klaus"]
[Black "Cabrera Guerrero, Antonio"]
[Result "1-0"]
[WhiteElo "1645"]
[BlackElo "1860"]
[PlyCount "65"]
[EventDate "2014.11.28"]
[EventType "swiss"]
[EventRounds "10"]
[EventCountry "ESP"]
[SourceTitle "Ajedrez en Madrid"]
[Source "lmi"]
[SourceDate "2014.11.28"]

1. d4 d5 2. c4 c6 3. cxd5 cxd5 4. Nf3 Nf6 5. Nc3 Bf5 6. Qb3 b6 7. Ne5 e6 8. Bg5
Be7 9. Qa4+ Nfd7 10. Bxe7 Qxe7 11. Nb5 Nxe5 12. Nc7+ Kd8 13. Nxa8 Nec6 14. e3
Qb7 15. Nxb6 Qxb6 16. Bb5 a6 17. Bxc6 Nxc6 18. O-O Ke7 19. Qa3+ Kf6 20. Rac1
Nb4 21. Rc3 Nc2 22. Rb3 Nxa3 23. Rxb6 Nc4 24. Rxa6 Nxb2 25. Rc1 Rb8 26. a3 Nc4
27. Ra7 Rb2 28. a4 Ra2 29. g4 Be4 30. f3 Bxf3 31. Rf1 Rg2+ 32. Kh1 Rxg4+ 33.
Rxf3+ 1-0

[Event "Benidorm - Aficionados sub-2000 2014"]
[Site "Benidorm ESP"]
[Date "2014.12.01"]
[Round "4.61"]
[White "Cano Romero, Jose Miguel"]
[Black "Halvorsen, Benjamin"]
[Result "1-0"]
[WhiteElo "1859"]
[BlackElo "1518"]
[PlyCount "29"]
[EventDate "2014.11.28"]
[EventType "swiss"]
[EventRounds "10"]
[EventCountry "ESP"]
[SourceTitle "Ajedrez en Madrid"]
[Source "lmi"]
[SourceDate "2014.11.28"]

1. c4 Nf6 2. Nc3 e5 3. g3 Bb4 4. Bg2 Bxc3 5. bxc3 O-O 6. Nf3 d6 7. d4 Nc6 8.
O-O Ne4 9. Qd3 Bf5 10. Nh4 g6 11. Bxe4 Bxe4 12. Qxe4 Re8 13. d5 Ne7 14. Bg5 f6
15. Bxf6 1-0

[Event "Benidorm - Aficionados sub-2000 2014"]
[Site "Benidorm ESP"]
[Date "2014.12.01"]
[Round "4.67"]
[White "Gastesi Urroz, Mikel"]
[Black "Ingunza Lopez, Txema"]
[Result "1-0"]
[WhiteElo "1690"]
[BlackElo "1961"]
[PlyCount "43"]
[EventDate "2014.11.28"]
[EventType "swiss"]
[EventRounds "10"]
[EventCountry "ESP"]
[SourceTitle "Ajedrez en Madrid"]
[Source "lmi"]
[SourceDate "2014.11.28"]

1. d4 Nf6 2. g3 e6 3. Bg2 d5 4. Nf3 Be7 5. O-O O-O 6. c4 dxc4 7. Nbd2 c5 8.
Nxc4 Nc6 9. dxc5 Qxd1 10. Rxd1 Bxc5 11. a3 a5 12. Nce5 Nxe5 13. Nxe5 Ra6 14.
Bg5 Bd6 15. Nc4 Be7 16. Rac1 b5 17. Ne5 Rd6 18. Nc6 Rxd1+ 19. Rxd1 Bc5 20. Bxf6
gxf6 21. Rc1 Bd6 22. Na7 1-0

[Event "Benidorm - Aficionados sub-2000 2014"]
[Site "Benidorm ESP"]
[Date "2014.12.01"]
[Round "4.69"]
[White "Manas Garcia-Mascaraque, Ramon"]
[Black "Lloveras Hernanz, Jose Antonio"]
[Result "1/2-1/2"]
[WhiteElo "1930"]
[BlackElo "1680"]
[PlyCount "72"]
[EventDate "2014.11.28"]
[EventType "swiss"]
[EventRounds "10"]
[EventCountry "ESP"]
[SourceTitle "Ajedrez en Madrid"]
[Source "lmi"]
[SourceDate "2014.11.28"]

1. e4 Nc6 2. d4 e6 3. Nf3 Nf6 4. e5 Nd5 5. c4 Bb4+ 6. Bd2 Bxd2+ 7. Qxd2 Nb6 8.
Bd3 d6 9. exd6 cxd6 10. O-O Qf6 11. Be2 O-O 12. Nc3 h6 13. Rac1 Qd8 14. Rfd1
Ne7 15. Qf4 f6 16. Nb5 Nf5 17. Bd3 e5 18. dxe5 fxe5 19. Qd2 Kh8 20. Bxf5 Bxf5
21. Nxd6 Qe7 22. c5 Bg4 23. Rc3 Na4 24. Rc4 Bxf3 25. gxf3 Nxc5 26. Rxc5 Rxf3
27. Ne4 Rf4 28. Rc4 Raf8 29. b3 Qh4 30. Re1 b5 31. Rc3 Rxe4 32. Rxe4 Qxe4 33.
Rg3 Rc8 34. Rxg7 Qb1+ 35. Kg2 Qe4+ 36. Kg1 Qb1+ 1/2-1/2

[Event "Benidorm - Aficionados sub-2000 2014"]
[Site "Benidorm ESP"]
[Date "2014.12.01"]
[Round "4.84"]
[White "Garcia Alvarez, Javier Ii"]
[Black "Gutierrez Gutierrez, Francisco"]
[Result "1/2-1/2"]
[WhiteElo "1763"]
[BlackElo "1520"]
[PlyCount "53"]
[EventDate "2014.11.28"]
[EventType "swiss"]
[EventRounds "10"]
[EventCountry "ESP"]
[SourceTitle "Ajedrez en Madrid"]
[Source "lmi"]
[SourceDate "2014.11.28"]

1. f4 e5 2. fxe5 d6 3. exd6 Bxd6 4. Nf3 Nf6 5. Nc3 h5 6. d3 Ng4 7. Ne4 Nc6 8.
Nxd6+ Qxd6 9. Qd2 Be6 10. b3 O-O-O 11. e3 h4 12. Bb2 f6 13. O-O-O Nce5 14. Nxe5
Nxe5 15. h3 Nc6 16. Be2 a5 17. Bf3 a4 18. Bxc6 Qxc6 19. e4 axb3 20. axb3 Bxb3
21. Qc3 Qxc3 22. Bxc3 Bf7 23. Rdf1 Be6 24. Rf4 Rd6 25. Be1 Ra6 26. Rhf1 b5 27.
Bc3 1/2-1/2

[Event "Benidorm - Aficionados sub-2000 2014"]
[Site "Benidorm ESP"]
[Date "2014.12.01"]
[Round "4.104"]
[White "Mengual Jerez, Antoni"]
[Black "Park, Frank"]
[Result "1/2-1/2"]
[WhiteElo "1800"]
[BlackElo "1616"]
[PlyCount "38"]
[EventDate "2014.11.28"]
[EventType "swiss"]
[EventRounds "10"]
[EventCountry "ESP"]
[SourceTitle "Ajedrez en Madrid"]
[Source "lmi"]
[SourceDate "2014.11.28"]

1. d4 d5 2. c4 c6 3. Nc3 e6 4. e3 Bd6 5. Nf3 f5 6. Qc2 a6 7. a4 Nf6 8. c5 Bc7
9. b4 Nbd7 10. Ng5 Qe7 11. f4 O-O 12. Nf3 Ne4 13. Bd3 Ndf6 14. O-O Bd7 15. Bd2
Nxc3 16. Bxc3 Ne4 17. Be1 h6 18. Qe2 Be8 19. Ne5 g5 1/2-1/2